[Event "Warsaw Szansa Blitz op"]
[Site "Warsaw"]
[Date "2021.09.10"]
[Round "6"]
[White "Peng, Li Min"]
[Black "Kozlowski, Pawel"]
[Result "1-0"]
[WhiteElo "2498"]
[BlackElo "2041"]
[PlyCount "75"]
[EventDate "2021.09.10"]
[EventType "swiss (blitz)"]
[EventRounds "11"]
[EventCountry "POL"]
[SourceTitle "CBM 204 Extra"]
[Source "ChessBase"]
[SourceDate "2021.11.30"]
[SourceVersion "1"]
[SourceVersionDate "2021.11.30"]
[SourceQuality "1"]

1. Nf3 Nf6 2. c4 g6 3. b3 Bg7 4. Bb2 0-0 5. g3 d6 6. d4 Nc6 7. d5 Na5 8. Nc3 c5 9. Nd2 a6 10. Bg2 Rb8 11. 0-0 b5 12. Qc2 bxc4 13. bxc4 Nd7 14. Rab1 Ne5 15. Nd1 Bd7 16. h3 Qe8 17. Ne3 Ba4 18. Qc1 e6 19. f4 Nd7 20. Bxg7 Kxg7 21. Qc3+ Nf6 22. Ng4 e5 23. Nxf6 Kxf6 24. fxe5+ Kg7 25. e6+ Kg8 26. Rxb8 Qxb8 27. Qxa5 Bc2 28. Qc3 Ba4 29. Qf6 fxe6 30. Qxe6+ Kh8 31. Rxf8+ Qxf8 32. Ne4 Bc2 33. Nxd6 Bd1 34. Qe5+ Kg8 35. Ne4 Qf7 36. Nf6+ Kf8 37. d6 Bb3 38. axb3 1-0

[Event "POL-ch U18"]
[Site "Szklarska Poreba"]
[Date "2021.03.17"]
[Round "5"]
[White "Kozlowski, Pawel"]
[Black "Panek, Bartosz"]
[Result "0-1"]
[WhiteElo "2029"]
[BlackElo "1929"]
[PlyCount "84"]
[EventDate "2021.03.13"]
[EventType "swiss"]
[EventRounds "9"]
[EventCountry "POL"]
[SourceTitle "CBM 201 Extra"]
[Source "ChessBase"]
[SourceDate "2021.05.31"]
[SourceVersion "1"]
[SourceVersionDate "2021.05.31"]
[SourceQuality "1"]

1. e4 c5 2. d4 cxd4 3. c3 dxc3 4. Nxc3 Nc6 5. Nf3 e6 6. Bc4 Qc7 7. 0-0 Nf6 8. Qe2 Ng4 9. Nd5 Qb8 10. Bf4 Bd6 11. Bxd6 Qxd6 12. Rfd1 exd5 13. exd5+ Ne7 14. Re1 b5 15. Bxb5 f6 16. Bd3 Bb7 17. h3 Ne5 18. Nxe5 fxe5 19. Qh5+ g6 20. Qh6 0-0-0 21. a4 Kb8 22. Rad1 Rhf8 23. Qxh7 Nf5 24. Bxf5 gxf5 25. Qg7 Rde8 26. Qg3 Rg8 27. Qf3 Qg6 28. g3 d6 29. Kh2 f4 30. g4 e4 31. Qxf4 Rgf8 32. Qg3 Rf3 33. Qg2 Rh8 34. Re3 Rhxh3+ 35. Qxh3 Rxh3+ 36. Kxh3 Bc8 37. Rg3 Qh5+ 38. Kg2 Bxg4 39. Rg1 Bf3+ 40. Kf1 Qxd5 41. Rg8+ Kb7 42. R1g7+ Ka6 0-1

[Event "POL-ch U18"]
[Site "Szklarska Poreba"]
[Date "2021.03.14"]
[Round "2"]
[White "Fiedorek, Michal"]
[Black "Kozlowski, Pawel"]
[Result "1-0"]
[WhiteElo "2213"]
[BlackElo "2029"]
[PlyCount "47"]
[EventDate "2021.03.13"]
[EventType "swiss"]
[EventRounds "9"]
[EventCountry "POL"]
[SourceTitle "CBM 201 Extra"]
[Source "ChessBase"]
[SourceDate "2021.05.31"]
[SourceVersion "1"]
[SourceVersionDate "2021.05.31"]
[SourceQuality "1"]

1. e4 e6 2. d4 d5 3. Nd2 h6 4. Bd3 c5 5. exd5 exd5 6. Ngf3 Qe7+ 7. Be2 Qf6 8. 0-0 c4 9. Re1 Ne7 10. b3 cxb3 11. axb3 Be6 12. c4 Nbc6 13. Ba3 Nxd4 14. cxd5 Nxd5 15. Ne4 Nxf3+ 16. Bxf3 Qd8 17. Qd4 Qb6 18. Nc5 0-0-0 19. Rac1 Kb8 20. Bxd5 Bxd5 21. Nd7+ Rxd7 22. Re8+ Qd8 23. Qe5+ Bd6 24. Bxd6+ 1-0

[Event "Polanica Zdroj op-C 56th"]
[Site "Polanica Zdroj"]
[Date "2020.08.20"]
[Round "6"]
[White "Kozlowski, Pawel"]
[Black "Demski, Michal"]
[Result "1/2-1/2"]
[WhiteElo "1913"]
[BlackElo "1617"]
[PlyCount "87"]
[EventDate "2020.08.15"]
[EventType "swiss"]
[EventRounds "9"]
[EventCountry "POL"]
[SourceTitle "CBM 198 Extra"]
[Source "ChessBase"]
[SourceDate "2020.11.30"]
[SourceVersion "1"]
[SourceVersionDate "2020.11.30"]
[SourceQuality "1"]

1. f4 d5 2. Nf3 g6 3. e3 Bg7 4. d4 Nf6 5. Bd3 Bf5 6. 0-0 Ne4 7. Nbd2 Nxd2 8. Qxd2 Bxd3 9. Qxd3 0-0 10. b3 Nd7 11. Ba3 Nf6 12. Nd2 Re8 13. Rad1 c6 14. f5 e5 15. dxe5 Rxe5 16. Bb2 Re8 17. fxg6 hxg6 18. Rf3 Ne4 19. Bxg7 Nxd2 20. Qxd2 Kxg7 21. Qd4+ f6 22. Rdf1 Re6 23. Rh3 Re4 24. Qc3 Qe7 25. Rhf3 Rf8 26. h3 Qe5 27. Qc5 a6 28. a4 Rf7 29. a5 f5 30. Kh1 Re7 31. Rf4 Rxe3 32. Rb4 Re1 33. Rxe1 Qxe1+ 34. Kh2 Qe5+ 35. Kg1 f4 36. Rxf4 Qe1+ 37. Kh2 Qe5 38. Kg1 Qxf4 39. Qxe7+ Kg8 40. Qe8+ Kg7 41. Qe7+ Kg8 42. Qe1 Kg7 43. Qf2 Qb4 44. Qe3 1/2-1/2

[Event "Rubinstein Memorial-A 55th"]
[Site "Polanica Zdroj"]
[Date "2019.08.18"]
[Round "2"]
[White "Wisniewski, Michal"]
[Black "Kozlowski, Pawel"]
[Result "1-0"]
[WhiteElo "2130"]
[BlackElo "1763"]
[PlyCount "87"]
[EventDate "2019.08.17"]
[EventType "swiss"]
[EventRounds "9"]
[EventCountry "POL"]
[SourceTitle "EXT 2020"]
[Source "ChessBase"]
[SourceDate "2019.10.17"]
[SourceVersion "1"]
[SourceVersionDate "2019.10.17"]
[SourceQuality "1"]

1. Nf3 e6 2. c4 f5 3. Nc3 Nf6 4. d3 Bb4 5. g3 b6 6. Bg2 Bb7 7. 0-0 0-0 8. Qb3 Bxc3 9. Qxc3 Qe8 10. c5 Na6 11. cxb6 cxb6 12. b3 Rc8 13. Qd2 Qh5 14. Ba3 Rfe8 15. Rac1 Nc7 16. Rc4 Ng4 17. h3 Bd5 18. hxg4 fxg4 19. Nh2 Bxc4 20. dxc4 d5 21. Qf4 Qf5 22. Qxg4 Qxg4 23. Nxg4 dxc4 24. bxc4 Red8 25. Bc1 Ne8 26. Bg5 Rd4 27. Ne5 Rd6 28. Be3 Nf6 29. Rc1 Nd7 30. Nd3 Nc5 31. Nxc5 bxc5 32. Bb7 Rcd8 33. Bxc5 Rd2 34. a3 Rxe2 35. Bf3 Ra2 36. Rc3 a5 37. Bb6 Ra1+ 38. Kg2 Rc8 39. Bxa5 Kf7 40. c5 Rb1 41. Bb4 Ke8 42. Bb7 Rc7 43. c6 Rb2 44. Rf3 1-0